000 00348nam a2200145Ia 4500
008 230917s9999||||xx |||||||||||||| ||und||
040 _e88874
_aMAIN
041 _aEnglish
082 _a778.6 B158B
100 _aBailey, Adrian
245 0 _aBook of colour photography
260 _aLondon
_bEbury Press
_c1979
300 _a216 p.
942 _cBK
999 _c211310
_d211310